Normal view
MARC view
- Attali, Jacques
Entry Nombre Personal
001 - NUMERO DE CONTROL
- campo de control: 43713
003 - IDENTIFICADOR DE NUMERO DE CONTROL
- campo de control: DLC
005 - FECHA Y HORA DE LA ÜLTIMA TRANSACCIÓN
- campo de control: 20220214133201.0
008 - DATOS DE LONGITUD FIJA
- campo de control de longitud fija: 800612n| azannaabn |a aaa d
010 ## - NÚMERO DE CONTROL DE LA BIBLIOTECA DEL CONGRESO
- Número de control LC: n 50030726
040 ## - FUENTE DE CATALOGACIÓN
- Agencia original de catalogación: DLC
- Lenguaje de catalogación: spa
- Agencia de transcripción: DLC
- Agencia que lo modifica: DLC
- Agencia que lo modifica: OCoLC
- Agencia que lo modifica: DLC
- Agencia que lo modifica: OCoLC
- Agencia que lo modifica: ICU
- Agencia que lo modifica: UPB
- Agencia que lo modifica: IEN
- Agencia que lo modifica: MX-MxUPN
053 #0 - NÚMERO DE CLASIFICACIÓN LC
- Número de clasificación elemento-número único o número inicial de tramo: PQ2661.T814
100 1# - ENCABEZAMIENTO - NOMBRE PERSONAL
- Nombre personal: Attali, Jacques
400 1# - VEÁSE - NOMBRE DE PERSONA
- Personal name: Attali, J.
- Fuller form of name: (Jacques)
670 ## - FUENTE EN LA QUE SE LOCALIZARON DATOS
- Cita de la fuente: Les trois mondes, 1981:
- Información localizada: portada (Jacques Attali) cover p. 4 (b. 1943)
670 ## - FUENTE EN LA QUE SE LOCALIZARON DATOS
- Cita de la fuente: Israël, les Juifs, l'antisémitisme, c2005:
- Información localizada: portada (Jacques Attali) cubierta (J. Attali)
902 ## - CATALOGADOR
- Catalogador: VRC/140222
